000 00899nam a2200253Ia 4500
003 OSt
005 20220923225026.0
006 a|||||r|||| 00| 0
007 ta
008 220922b |||||||| |||| 00| 0 hin d
024 _a255,340
037 _cTextual
040 _aARTS
_cARTS
_bhin
041 _2hin
_ahin
082 _aO152,3x, J6
100 _aसिद्धेश, सिहासन राय
245 0 _aसर्वश्रेष्ठ प्रतिनिधि कहानियां
246 _aSarvashreṣhṭha pratinidhi kahāniyāan
260 _aकलकत्ता
_b आदर्श पुस्तक भण्डार
_c1956
300 _a260पृ.
_ccm.
650 _aहिन्दी साहित्य
_9156264
942 _hO152,3x, J6
_cTEXL
_2CC
999 _c375482
_d375482